Statistiques concernant Drapeaux mal dessinés

Cliquez ici pour prendre le quiz!

Statistiques générales

  • Ce quiz a été pris 15 889 fois
  • Le résultat moyen est 11 sur 16

Statistiques - réponses

Réponse% Correct
Brésil
97%
Afrique du Sud
94%
Albanie
93%
Mexique
89%
Norvège
88%
Corée du Nord
78%
Malte
73%
Angola
70%
Singapour
66%
Cap Vert
53%
Ouzbekistan
50%
Kirghizistan
44%
Namibie
44%
Sainte-Lucie
44%
Saint-Vincent-et-les-Grenadines
36%
Vanuatu
32%

Distribution des résultats

Percentile par nombre de réponses

% des personnes avec chaque résultat

Votre développement - résultats

Vous n’avez pas pris ce quiz